01614nam a2200325 u 4500001000800000005001700008007001000025008004100035035001200076040001300088041000800101082000800109100005900117245003200176260003500208300001300243520050700256650003700763650005200800650004100852650005300893650005000946650002500996700005101021942001001072999001901082502001201101526000801113952016701121145554020260508090913.0co|||||||161124s2016 spa  a1455540 ccomduadb aspa 4a79110aVilla Rodríguez, Mauricio Andrés4auteaut972014913aEl camino que lleva a abril aMedellín :bAutor(a),c2016. a1 CD-ROM3 aEl Camino que lleva a abril es un proyecto de investigación - creación que comprende la investigación, escritura y realización de un largometraje de no ficción. Entendiendo la musicalidad folclórica como factor identitario de los pueblos, El Camino que Lleva a abril pretende analizar la repercusión de la confluencia de grupos culturales y étnicos del Caribe colombiano sobre las expresiones musicales propias de la región, tanto en su surgimiento como en su desenvolvimiento actual. aDurán, Alejo 1919-19899200901 aMúsica folclórica - Caribe (región)98560 aMúsica - Caribe (Colombia)9178354 aMúsica tradicional - Caribe (Colombia)9163570 aIdentidad cultural - Caribe (región)980871 aLargometrajes95436110aArias Osorio, Maria Fernanda4thseths9334031 cTESIS c749910d749910 b120c13 a121 001040708TESDIGBCaBCbBCd2016-12-13eMaterial adquirido por donacióniC1256009l0o791.43 V712 CD-ROMp1015706r2023-05-03 00:00:00t1w2023-05-03yDIGITAL